GPAT: (Record no. 184160)

MARC details
000 -LEADER
fixed length control field 00625nam a22001817a 4500
005 - DATE AND TIME OF LATEST TRANSACTION
control field 20220121125720.0
010 ## - LCCN (DPL NO)
LC control number ENG-131109
020 ## - INTERNATIONAL STANDARD BOOK NUMBER
International Standard Book Number 978-93-544-9296-9
Terms of availability 573.00
035 ## - SYSTEM CONTROL NUMBER
System control number EN-114641
037 ## - SOURCE OF ACQUISITION
Source of stock number/acquisition DBAD
082 ## - DEWEY DECIMAL CLASSIFICATION NUMBER
Classification number 615.1
100 ## - MAIN ENTRY--PERSONAL NAME
Personal name Shah, Umang
245 ## - TITLE STATEMENT
Title GPAT:
Remainder of title And Other Competitive Examinations in Pharmacy/
Statement of responsibility, etc Umang Shah [ Et all ]
260 ## - PUBLICATION, DISTRIBUTION, ETC. (IMPRINT)
Place of publication, distribution, etc Uttar Pradesh
Name of publisher, distributor, etc Pearson India Education Services Pvt. Ltd
Date of publication, distribution, etc 2021
270 ## - ADDRESS
City Uttar Pradesh
Address 15th Floor, Tower-B, World Trade Tower, Plot No. 1, Block-C, Sector 16
Postal code 201301
300 ## - PHYSICAL DESCRIPTION
Extent 856p.
Dimensions 28cm(pbk)
942 ## - ADDED ENTRY ELEMENTS (KOHA)
Source of classification or shelving scheme Dewey Decimal Classification
Item type English Books
Classification part 615.1
Call number suffix SHA
Holdings
Withdrawn status Lost status Not for loan Collection code Home library Current library Date acquired Source of acquisition Cost, normal purchase price Full call number Barcode Copy number Cost, replacement price Koha item type
      Non-fiction Patel Nagar Patel Nagar 13/01/2022 DBAD/PUB 573.00 615.1 SHA EN-114641 1 573.00 English Books

© Delhi Public Library
Hit Counter
free hit counter